000 00270nam a2200121 4500
999 _c10775
_d10775
003 OSt
005 20220708142040.0
008 220708b ||||| |||| 00| 0 eng d
100 _al Krcindlin
245 _aWoodworking
260 _aMoslow
_bMIR Publishers
942 _2ddc